00288nam a2200097 a 450000500170000000800410001705000180005810000200007624500510009626000430014720140414131856.0100828s19uu xx 00 eng d aFILbAl1 2008 aMatias, Segundo aAlamat ng lamok :bThe legend of the mosquito. aManila, Philippines :bLampara,c2008.